000 00675nam a2200229Ia 4500
003 OSt
005 20220918214215.0
006 a|||||r|||| 00| 0
007 ta
008 220917b |||||||| |||| 00| 0 eng d
024 _a136,312
037 _cTextual
040 _aARTS
_cARTS
_beng
041 _2eng
_aeng
082 _aX755:275p1,N68, L2
100 _aByres T J ed
_9130245
245 0 _aForeign resources and economic development
_b a symposium on the report of the Pearson commission
260 _aLondon
_bFrank cass
_c1972
650 _aECONOMICS
942 _hX755:275p1,N68, L2
_cTEXL
_2CC
999 _c259402
_d259402